| 000 | 00530nam a2200205Ia 4500 | ||
|---|---|---|---|
| 005 | 20250326144855.0 | ||
| 008 | 250326s9999 xx 000 0 und d | ||
| 020 | _a81-203-2226-6 | ||
| 037 | _aTextbook | ||
| 040 |
_aFMSL _beng _cFMSL |
||
| 041 |
_aeng _2eng |
||
| 084 |
_aX:8 P3 _qFMSL |
||
| 100 | _aCerto Samuel C | ||
| 245 | 0 |
_aModern management _cCerto Samuel C |
|
| 250 | _a9 | ||
| 260 |
_aNew Delhi _bNew Delhi, Prentice _c2003 |
||
| 300 | _axxiii,595 | ||
| 942 |
_cTB _hX:8 P3 |
||
| 999 |
_c1305413 _d1305413 |
||